Women's Gymnastics - U.S. Olympic and World Uneven Bars Medalists - Statistics

General Stats
  • This quiz has been taken 60 times
    4 since last reset
  • The average score is 26 of 32
Answer Stats
Competition Medal Gymnast % Correct
1996 Olympics: Atlanta Silver Amy Chow
100%
2003 Worlds: Anaheim Gold Chellsie Memmel
100%
2005 Worlds: Melbourne Silver Chellsie Memmel
100%
1981 Worlds: Moscow Bronze Julianne McNamara
100%
1984 Olympics: Los Angeles Gold Julianne McNamara
100%
2013 Worlds: Antwerp Silver Kyla Ross
100%
2015 Worlds: Glasgow Gold Madison Kocian
100%
2016 Olympics: Rio de Janeiro Silver Madison Kocian
100%
1984 Olympics: Los Angeles Bronze Mary Lou Retton
100%
2005 Worlds: Melbourne Gold Nastia Liukin
100%
2006 Worlds: Aarhus Silver Nastia Liukin
100%
2007 Worlds: Stuttgart Silver Nastia Liukin
100%
2008 Olympics: Beijing Silver Nastia Liukin
100%
2009 Worlds: London Bronze Rebecca Bross
100%
2010 Worlds: Rotterdam Bronze Rebecca Bross
100%
2022 Worlds: Liverpool Silver Shilese Jones
100%
2023 Worlds: Antwerp Bronze Shilese Jones
100%
2018 Worlds: Doha Silver Simone Biles
100%
2019 Worlds: Stuttgart Bronze Sunisa Lee
100%
2020ne Olympics: Tokyo Bronze Sunisa Lee
100%
2024 Olympics: Paris Bronze Sunisa Lee
100%
1993 Worlds: Birmingham Silver Dominique Dawes
67%
2003 Worlds: Anaheim Gold Hollie Vise
67%
1991 Worlds: Indianapolis Silver Shannon Miller
67%
1992 Olympics: Barcelona Bronze Shannon Miller
67%
1993 Worlds: Birmingham Gold Shannon Miller
67%
2004 Olympics: Athens Silver Terin Humphrey
67%
1992 Worlds: Paris Silver Betty Okino
33%
2002 Worlds: Debrecen Gold Courtney Kupets
33%
2004 Olympics: Athens Bronze Courtney Kupets
33%
2001 Worlds: Ghent Bronze Katie Heenan
33%
1978 Worlds: Strasbourg Gold Marcia Frederick
0%
No matching quizzes found
Score Distribution
Percent of People with Each Score
Percentile by Number Answered
Your Score History
You have not taken this quiz since the last reset